Inorganic chemistry /
Guardado en:
| Autor Principal: | |
|---|---|
| Otros Autores: | , |
| Formato: | Libro |
| Idioma: | English |
| Publicado: |
Oxford :
Oxford University Press,
1994.
|
| Edición: | 2nd ed. |
| Materias: | |
| Etiquetas: |
Agregar Etiqueta
Sin Etiquetas, Sea el primero en etiquetar este registro!
|
| LEADER | 00933cam a22002535a 4500 | ||
|---|---|---|---|
| 001 | EIQ.libpla000892 | ||
| 008 | 940121s1994####enka#####b####001#0#eng#d | ||
| 005 | 20060613194634.0 | ||
| 245 | 1 | 0 | |a Inorganic chemistry / |c Duward F. Shriver, Peter Atkins, Cooper H. Langford. |
| 250 | |a 2nd ed. | ||
| 260 | |a Oxford : |b Oxford University Press, |c 1994. | ||
| 300 | |a 1 v. (en varias paginaciones) : |b il. ; |c 27 cm. | ||
| 500 | |a Tabla periódica de elementos. | ||
| 504 | |a Incluye referencias bibliográficas e índices. | ||
| 020 | |a 019855396x | ||
| 100 | 1 | |a Shriver, D. F. |q (Duward F.), |d 1934- | |
| 700 | 1 | |a Atkins, P. W. |q (Peter William), |d 1940- | |
| 700 | 1 | |a Langford, Cooper H. |q (Cooper Harold), |d 1934- | |
| 082 | 0 | 0 | |a 546 |2 20 |
| 650 | 4 | |a Química inorgánica |x Teoría. | |
| 650 | 4 | |a Chemistry, Inorganic |x Theory. | |
| 010 | |a 94003874 |z 93048910 | ||
| 040 | |a DLC |c DLC |d AR-BbSID | ||
| 859 | |a AR-BbSID |b BIB. PLAPIQUI |h 546 |i Sh 86 |p 4305 | ||
